• 首页
  • 本馆介绍
  • 公告通知
  • 最新文献
  • 馆藏检索
  • 电子资源
  • 读者导购
  • 参考咨询
  • 我的图书馆
  • 登录
  • 详细信息显示
  • 放入我的书架
  • 预约/预借图书
  • 作者相关作品
  • 分类相关作品
  • 丛书相关作品
  • 出版社相关作品

书目信息

  • 表格格式
  • 工作单格式
  • 卡片格式
题名:
绝密档案
    
 
作者: 铁岩 主编
分册: 上  
出版信息: 福州   福建人民出版社  2002
页数: 438页
开本: 20cm
丛书名:
单 册:
中图分类: K262.06
科图分类:
主题词: 国共合作--史料--1921-1927
电子资源:
ISBN: 7-211-03791-1
000 00661nam0 2200205 45
001 0309301677
005 20031219104119.3
010    @a7-211-03791-1@dCNY67.00
100    @a20030930d2002 km y0chiy0120 ea
101 0  @achi
105    @a z 000yy
200 1  @a绝密档案@AJue Mi Dang An@e第一次国共合作内幕@h上@EDi Yi Ci Guo Gong He ZuoNei Mu@f铁岩主编@FTie Yan Zhu Bian
210    @a福州@c福建人民出版社@d2002
215    @a438页@d20cm
517    @a第一次国共合作内幕@ADi Yi Ci Guo Gong He Zuo Nei Mu
606 0  @a国共合作@x史料@z1921-1927
690    @aK262.06@v4
701  0 @a铁岩@4主编
801    @aCN@bTSTC@c20030930
905    @b326646-648@dK262.06@e29:1@f3
    
    绝密档案:第一次国共合作内幕.上/铁岩主编.-福州:福建人民出版社,2002
    438页;20cm
    
    
    ISBN 7-211-03791-1:CNY67.00
    
●
相关链接 在E读中查询图书 在五车中查询图书 在当当中查询图书 在豆瓣中查询图书


正题名:绝密档案     索取号:K262.06/29:1         预约/预借

序号 登录号 条形码 馆藏地/架位号 状态 备注
1 0326646   203266465   第二借阅区/ [索取号:K262.06/29:1] 在馆    
2 0326647   203266474   第二借阅区/ [索取号:K262.06/29:1] 在馆    
3 0326648   203266483   第二样本阅览室/ [索取号:K262.06/29:1] 在馆    
唐山师范学院图书馆 欢迎您!
大连网信软件有限公司© 版权所有